<?xml version="1.0" encoding="UTF-8"?><?xml-stylesheet type="text/xsl" href="static/style.xsl"?><OAI-PMH xmlns="http://www.openarchives.org/OAI/2.0/" xmlns:xsi="http://www.w3.org/2001/XMLSchema-instance" xsi:schemaLocation="http://www.openarchives.org/OAI/2.0/ http://www.openarchives.org/OAI/2.0/OAI-PMH.xsd"><responseDate>2026-04-13T18:50:58Z</responseDate><request verb="GetRecord" identifier="oai:www.recercat.cat:2072/463327" metadataPrefix="marc">https://recercat.cat/oai/request</request><GetRecord><record><header><identifier>oai:recercat.cat:2072/463327</identifier><datestamp>2024-11-04T04:21:41Z</datestamp><setSpec>com_2072_98</setSpec><setSpec>col_2072_378192</setSpec></header><metadata><record xmlns="http://www.loc.gov/MARC21/slim" xmlns:dcterms="http://purl.org/dc/terms/" xmlns:xsi="http://www.w3.org/2001/XMLSchema-instance" xmlns:doc="http://www.lyncode.com/xoai" xsi:schemaLocation="http://www.loc.gov/MARC21/slim http://www.loc.gov/standards/marcxml/schema/MARC21slim.xsd">
   <leader>00925njm 22002777a 4500</leader>
   <datafield ind2=" " ind1=" " tag="042">
      <subfield code="a">dc</subfield>
   </datafield>
   <datafield ind2=" " ind1=" " tag="720">
      <subfield code="a">Blanch-Ramirez, Joana</subfield>
      <subfield code="e">author</subfield>
   </datafield>
   <datafield ind2=" " ind1=" " tag="720">
      <subfield code="a">Calvet Mir, Laura</subfield>
      <subfield code="e">author</subfield>
   </datafield>
   <datafield ind2=" " ind1=" " tag="720">
      <subfield code="a">Aceituno Mata, Laura</subfield>
      <subfield code="e">author</subfield>
   </datafield>
   <datafield ind2=" " ind1=" " tag="720">
      <subfield code="a">Benyei, Petra</subfield>
      <subfield code="e">author</subfield>
   </datafield>
   <datafield ind2=" " ind1=" " tag="260">
      <subfield code="c">2022</subfield>
   </datafield>
   <datafield ind2=" " ind1=" " tag="520">
      <subfield code="a">Altres ajuts: acords transformatius de la UAB</subfield>
   </datafield>
   <datafield ind2=" " ind1=" " tag="520">
      <subfield code="a">Unidad de excelencia María de Maeztu CEX2019-000940-M</subfield>
   </datafield>
   <datafield ind2=" " ind1=" " tag="520">
      <subfield code="a">Most studies on climate change's impacts on agriculture focus on modeling techniques based on large-scale meteorological data, while few have investigated how farmer's perception of climate change's impacts can affect crop diversity and crop management practices, especially in industrialized contexts. To fill this gap, we conducted 24 semi-structured interviews in a study site located in the Catalan Pyrenees. Our results show for the first time in an industrialized context that farmers perceive multiple interrelated climate change impacts on local agroecosystems. For instance, snowfall and freeze events have decreased, which respondents associated with the increase of pests and diseases affecting both wild flora and cultivated plants. Similarly, changes in precipitation patterns lead to a perceived decrease in useful rain for agriculture. Farmers are also reporting changes in their management practices, such as increased irrigation or use of pesticides, which respond to these climatic factors but also to changes in the crops that are cultivated. Crop diversity is in decline in the area both at the species and landrace levels, especially in rainfed fields. This is mainly driven by socioeconomic factors such as agricultural abandonment or access to commercial seeds, although climate change factors such as increased pests or decreased rainfall can have an impact. Despite the crop diversity losses found, many landraces have been maintained, mainly due to their cultural value, and also new crop species have been introduced, which are now viable due to the increase in temperature. Although we focused on a specific case study, we found several trends that are also present in other contexts. Therefore, the results of this research are relevant at a global scale since they show that climate change is affecting mountain agroecosystems in industrialized contexts and may affect more drastically both agrobiodiversity and crop management practices in agroecosystems worldwide.</subfield>
   </datafield>
   <datafield ind1="8" ind2=" " tag="024">
      <subfield code="a">http://hdl.handle.net/2072/463327</subfield>
   </datafield>
   <datafield tag="653" ind2=" " ind1=" ">
      <subfield code="a">Adaptation</subfield>
   </datafield>
   <datafield tag="653" ind2=" " ind1=" ">
      <subfield code="a">Agricultural industrialization</subfield>
   </datafield>
   <datafield tag="653" ind2=" " ind1=" ">
      <subfield code="a">Agrobiodiversity</subfield>
   </datafield>
   <datafield tag="653" ind2=" " ind1=" ">
      <subfield code="a">Home gardens</subfield>
   </datafield>
   <datafield tag="653" ind2=" " ind1=" ">
      <subfield code="a">Landraces</subfield>
   </datafield>
   <datafield tag="653" ind2=" " ind1=" ">
      <subfield code="a">Traditional ecological knowledge</subfield>
   </datafield>
   <datafield ind2="0" ind1="0" tag="245">
      <subfield code="a">Climate change in the Catalan Pyrenees intersects with socioeconomic factors to shape crop diversity and management</subfield>
   </datafield>
</record></metadata></record></GetRecord></OAI-PMH>